[Event "USA-ch GpB"]
[Site "San Diego"]
[Date "2006.03.08"]
[Round "6"]
[White "Sarkar, Justin"]
[Black "Ippolito, Dean"]
[Result "1/2-1/2"]
[WhiteElo "2323"]
[BlackElo "2414"]
[Annotator "Gavrikov,V"]
[PlyCount "70"]
[EventDate "2006.03.02"]
[EventType "swiss"]
[EventRounds "9"]
[EventCountry "USA"]
[SourceTitle "CBM 112"]
[Source "ChessBase"]
[SourceDate "2006.06.07"]
[SourceVersion "1"]
[SourceVersionDate "2006.06.07"]
[SourceQuality "1"]

1. d4 Nf6 2. c4 e6 3. Nc3 Bb4 4. f3 d5 5. a3 Bxc3+ 6. bxc3 c5 7. cxd5 Nxd5 8.
Qd3 {A rare continuation in modern practice.} b6 {Intending to exploit the
position of white queen for exchange light-squared bishops.} ({Also playable is
} 8... O-O 9. e4 Ne7 {e.g.} 10. Be3 Qa5 11. Kf2 Rd8 12. Be2 Nbc6 13. Qc4 cxd4
14. cxd4 Bd7 15. Nh3 {1-0 Savchenko,S-Reeh,O/Gausdal 1992/TD (40)} Rac8 {
with approximately equal chances.}) 9. e4 ({Black has a pleasant ending in
case of} 9. dxc5 $6 bxc5 10. e4 Ba6 11. Qd2 Bxf1 12. Kxf1 Nb6 13. Qxd8+ Kxd8
14. Ne2 N8d7 15. a4 Rb8 16. Ng3 Nc4 $15 {0-1 Shirov,A-Arnason,J/Reykjavik 1992/
CBM 028 (43)}) 9... Ba6 10. Qd2 ({After} 10. c4 {is possible} Nf6 11. e5 Nfd7
$1 12. Qe4 cxd4 13. Qxa8 Nc5 14. Rb1 Qc7 15. Rb5 $1 {[%cal Gb5c5]} (15. f4 $2
Bb7 16. Qxa7 Nbd7 17. a4 O-O 18. a5 Ra8 19. axb6 Qc6) 15... Bxb5 16. cxb5 Nd3+
(16... Qxe5+ $5 $13) 17. Bxd3 Qxc1+ 18. Kf2 Qe3+ 19. Kg3 Qg5+ {with perpetual
check.}) 10... Bxf1 11. Kxf1 Ne7 12. Ne2 O-O ({Black mostly played first} 12...
Nbc6 {because dubious is} 13. dxc5 $6 {in view of} Qc7 $1 14. Qf4 e5 15. Qg4
O-O $36 {0-1 Shirov,A-Karpov,A/Biel 1992/CBM 031/(39)}) 13. h4 $5 {Planning
h4-h5 or Rh1- h3-g3.} ({More natural} 13. Kf2 Nbc6 14. Rd1 {is well answered by
} Na5 15. Qa2 Qd7 16. Be3 c4 $1 $132 {/\ f5, 0-1 Martinez Martin,D-Solozhenkin,
E/Linares 1995/CBM 045 ext (26)}) 13... Nbc6 $146 ({To the unclear position
leads} 13... Qd7 14. h5 f5 15. h6 g6 16. exf5 (16. Kg1) 16... Nxf5 17. dxc5
bxc5 {0-1 Hillarp Persson,T-Sammalvuo,T/Sweden 2003/EXT 2004 (40)}) 14. Rh3 {
[%cal Gh3g3]} (14. h5 $5 $13) 14... Kh8 ({Perhaps stronger was} 14... f5 $5 {
at once} 15. Nf4 $140 Qc8 16. Qa2 Nd8 17. Kg1 cxd4 18. cxd4 Qc6 $132) 15. Rg3
cxd4 ({Black could play} 15... f5 {,without opening the c-file and diagonal
for Bb2.}) 16. cxd4 f5 17. d5 $6 {This action is premature because at the
moment White is unable to create any serious threats against black king.} (17.
Kg1 $142) 17... exd5 18. Bb2 d4 ({Much better was} 18... Rf7 $1 {for example:}
19. h5 (19. e5 $6 Qd7 $17 {[%cal Gc6d8,Gd8e6]}) 19... fxe4 20. Rxg7 (20. h6 $2
Nf5) 20... Rxg7 21. h6 exf3 22. Bxg7+ Kg8 23. gxf3 Nf5 24. Rc1 (24. Bb2 $6 Qd6
$1 25. Qg5+ Qg6) 24... Rc8 25. Qf4 Nce7 $1 (25... Nxg7 $4 26. Qg4 $1 Qf8 27.
hxg7 Qe8 28. Ng3 $18) 26. Rxc8 Qxc8 {and White doesn´t have adequate
compensation for the pawn.}) 19. Nxd4 Rf7 20. Rd1 fxe4 21. Qc2 $6 {The
beginning of unnecessary complications.} ({A draw would result from} 21. Rxg7
Rxg7 22. Ne6 Qxd2 23. Bxg7+ Kg8 24. Rxd2 Nf5 (24... Kf7 25. Rd6) 25. Bb2 exf3
26. gxf3 Nxh4 27. Rd7 Nf5 28. Ng5 Nce7 29. Bf6 h6 30. Bxe7 Nxe7 31. Rxe7 hxg5
32. Re5) 21... Nxd4 ({If} 21... Qe8 {then} 22. Rxg7 $1 (22. Qxe4 $2 Nxd4 23.
Bxd4 Nf5) 22... Kxg7 (22... Rxg7 $2 23. Ne6 Nf5 24. Nxg7 Nxg7 25. Qc3) 23.
Nxc6+ Kf8 24. Ne5 $44) 22. Rxd4 (22. Bxd4 $2 {loses to} Nf5 $1 23. Bxg7+ (23.
Rxg7 $2 Qxd4 $1 24. Rxd4 Ne3+) 23... Rxg7 24. Rxd8+ Rxd8 {[%cal Gf5e3,Gf5g3]})
22... Qb8 $1 23. Qxe4 $2 ({Missing the possibility to maintain the material
balance by} 23. Rg4 $1 Nf5 (23... exf3 $6 24. Rdf4 $1 {[%csl Rg7]} Rxf4 $140 $2
(24... Qxf4 25. Bxg7+ Rxg7 26. Rxf4 fxg2+ 27. Kg1) 25. Rxg7 $18) 24. Qb3 $1 Qf8
25. Rdxe4 $13) 23... Nf5 24. Rg5 Nxd4 25. Bxd4 Qg8 $2 {Allows White to save
the game.} (25... Qb7 $1 26. Qg4 $140 Rd8 27. h5 Qd7 $19) 26. h5 {[%cal Gd4h8,
Gh5h6]} Re8 27. Be5 Re6 28. Qg4 Rc6 29. h6 $1 Rxh6 30. Rxg7 $1 {Forcing
perpetual check.} Rh1+ 31. Kf2 Rxg7 32. Bxg7+ Qxg7 33. Qc8+ Qg8 34. Qc3+ Qg7
35. Qc8+ Qg8 1/2-1/2

[Event "EU-Cup 21st"]
[Site "Saint Vincent"]
[Date "2005.09.24"]
[Round "7.2"]
[White "Grabliauskas, Virginijus"]
[Black "Gronn, Atle"]
[Result "1-0"]
[WhiteElo "2448"]
[BlackElo "2394"]
[Annotator "Gavrikov,V"]
[PlyCount "71"]
[EventDate "2005.09.18"]
[EventType "team-swiss"]
[EventRounds "7"]
[EventCountry "ITA"]
[SourceTitle "CBM 110"]
[Source "ChessBase"]
[SourceDate "2006.01.31"]
[SourceVersion "1"]
[SourceVersionDate "2006.01.31"]
[SourceQuality "1"]
[WhiteTeam "Vilnius NSEL"]
[BlackTeam "Oslo"]
[WhiteTeamCountry "LTU"]
[BlackTeamCountry "NOR"]

1. d4 Nf6 2. c4 e6 3. Nc3 Bb4 4. f3 d5 5. a3 Bxc3+ 6. bxc3 c5 7. cxd5 Nxd5 8.
dxc5 Qa5 9. e4 Ne7 ({A solid alternative is} 9... Nf6 10. Be3 O-O 11. Qb3 Nfd7
12. a4 Qc7 13. Qa3 b6 $1 14. cxb6 axb6 15. Nh3 Ba6 16. Bxa6 Nxa6 17. O-O Nac5
18. Qb4 Ra5 {followed by Rfa8, 1/2-1/2 Paramos Dominguez,R-Campos Moreno,J/
Pontevedra 1992/TD (60)}) 10. Be3 O-O 11. Qb3 Qc7 {Planning Ne7-c6-a5.} 12. a4
{Vacating the a3-square for the queen.} ({After} 12. Nh3 e5 13. Nf2 {Black
solves opening problems by} Nec6 14. Rb1 Na5 15. Qa4 Be6 16. Be2 Nd7 17. Rb5 b6
$1 18. O-O Nb7 19. cxb6 axb6 20. Qb4 Nd6 21. Bxb6 Qc6 22. Be3 Rfc8 $1 (22...
Nxb5 $143 $6 23. Bxb5 Qc7 24. Nd3) 23. Ra5 Rxa5 24. Qxa5 Ra8 25. Qb4 {1/2-1/2
Yakovich,Y-Sokolov,A/Moscow 1990/EXT 2000 (25)}) 12... Nec6 13. f4 Nd7 $6 ({
More precise is} 13... Na5 $1 14. Qa3 (14. Qb4 $6 {0-1 Solana Suarez,E-Gomez
Esteban,J/Corte Ingles 1998/EXT 2002 (27)} e5 15. f5 Na6 16. Bxa6 (16. Qa3 $2
Qc6) 16... bxa6 $36) 14... b6 15. Nf3 Ba6 16. Bb5 ({or} 16. Nd2 Bxf1 17. Rxf1
Nd7 18. cxb6 axb6 19. Kf2 Rfc8 $44 {1/2-1/2 Soffer,R-Law,A/Biel 1992/CBM 031
ext (75)}) 16... Bxb5 17. axb5 Nc4 18. cxb6 Qb7 19. Qc1 axb6 20. Rxa8 Qxa8 21.
O-O Qxe4 22. Bd4 Nd7 {with equal play, 1/2-1/2 Milov,V-Soffer,R/Budapest 1993/
CBM 037 ext (45)}) 14. Nf3 b6 15. cxb6 axb6 16. Bb5 Na5 17. Qb4 {In result of
Black´s inaccuracy white queen can take a better position than on a3.} Nc5 18.
O-O Bb7 19. f5 $5 {An interesting decision. By giving back a pawn White wants
to activate his pieces.} (19. Nd2 $14) 19... Nxe4 (19... Bxe4 {is worse
because of} 20. fxe6 fxe6 21. Bxc5 Qxc5+ 22. Qxc5 bxc5 23. Ng5 Bd5 24. Bd7 e5
25. Rfe1 Ra7 26. Bb5 Re7 27. Rad1 {and Black´s c-and e-pawns are vulnerable.})
20. fxe6 fxe6 21. Bd4 Bd5 $2 {A serious mistake which allows White to attack
the weakness on b6.} ({Correct continuation was} 21... Nc5 22. Be5 Qe7 23. Qg4
Rf5 24. Rae1 Raf8 {when Black has good chances to neutralize White´s
initiative.}) 22. Ne5 $1 {[%csl Rb6][%cal Ge5d7]} Nc5 (22... Nb3 {is strongly
met by} 23. Nd7 $1 Rxf1+ 24. Rxf1 Nbc5 25. c4 Bc6 (25... Bb7 $4 26. Be5) 26.
Bxc6 Qxc6 27. Nxb6 Rd8 28. Be3 $16) 23. Ng4 $6 ({Missing a possibility to win
a pawn:} 23. Nd7 $1 Rfd8 (23... Rfc8 $4 24. Be5 {[%cal Gb4g4]}) (23... Nxd7 24.
Qe7 e5 25. Bxd7) 24. Nxb6 Qxb6 25. Bxc5 Qc7 26. c4 Bb7 27. Rae1 $16) 23... Nab3
24. Be5 Qe7 25. Rad1 Qg5 26. h4 Qg6 27. Ne3 Bb7 $6 ({Black should have
preferred} 27... Be4 28. Bf4 Qh5 {e.g.} 29. Bc4 Qxh4 30. Qxb6 Rxf4 31. Bxe6+
Nxe6 32. Qxe6+ Kh8 33. Qxb3 Rxf1+ 34. Rxf1 Qg3 35. Qb6 h6 36. a5 (36. Qd4 Bc6
$11) 36... Qe5 {restoring the material balance.}) 28. Rf4 {[%cal Gf4g4]} h5 29.
Be2 Rxf4 30. Qxf4 Rf8 31. Qg5 Qxg5 32. hxg5 g6 $2 {This move creates a new
target for white pieces.} ({It was necessary to play} 32... Nxa4 33. Bxh5 Nbc5
{and White is only slightly better.}) 33. Rd6 $1 {[%csl Rb6,Re6,Rg6][%cal
Gd6b6,Ge2c4]} Ra8 34. Bb5 $1 {Prepares the manoeuvre Nc4xb6.} (34. Rxb6 {
is not so good on account of} Rxa4 35. Bc4 Nd2) 34... Nxa4 $2 {Loses
immediately.} ({In case of} 34... Be4 {unpleasant is} 35. Nc4) ({but more
tenasious was} 34... Na5 35. Rxb6 Kf7) 35. Rxe6 Be4 36. Bc4 1-0

[Event "Gausdal GM-A"]
[Site "Gausdal"]
[Date "2005.04.16"]
[Round "4"]
[White "Nordahl, Helge Andreas"]
[Black "Pedersen, Christian Kyndel"]
[Result "1/2-1/2"]
[WhiteElo "2402"]
[BlackElo "2396"]
[Annotator "Gavrikov,V"]
[PlyCount "68"]
[EventDate "2005.04.13"]
[EventType "tourn"]
[EventRounds "9"]
[EventCountry "NOR"]
[EventCategory "10"]
[SourceTitle "CBM 107"]
[Source "ChessBase"]
[SourceDate "2005.08.01"]
[SourceVersion "1"]
[SourceVersionDate "2005.08.01"]
[SourceQuality "1"]

1. d4 Nf6 2. c4 e6 3. Nc3 Bb4 4. f3 d5 5. a3 Bxc3+ 6. bxc3 c5 7. cxd5 Nxd5 8.
Qd3 {Here the queen is unfavourable placed.} ({In the main variation} 8. dxc5
Qa5 9. e4 {Black can reply} Nc7 ({other moves are} 9... Ne7) (9... Nf6) {
for example:} 10. Qd4 (10. Be3 e5 ({or} 10... O-O 11. Qb3 Nca6 12. Rd1 Nc6 13.
Bb5 e5 14. Ne2 Be6 15. Qb2 Rfc8 16. Kf2 $140 Nxc5 $1 17. Bxc5 a6 $11 {1/2-1/2
Lehner,O-Farago,I/Austria 1997/EXT 99 (27)}) 11. Qb3 Be6 12. Qb4 Nc6 13. Qxa5
Nxa5 14. Rb1 O-O-O 15. Nh3 Nc4 16. Bc1 f6 17. Rb4 Na5 18. Be2 Nc6 19. Rb2 Na5
$11 {0-1 Erdogan,H-Ivanchuk,V/Kocaeli 2002/CBM 089 ext (42)}) 10... f6 11. Qb4
Nc6 12. Qxa5 Nxa5 13. Rb1 Bd7 14. Nh3 (14. c4 O-O-O 15. Bd2 Nc6 16. Ne2 Be8 17.
Nc3 {1/2-1/2 Aschenbrenner,R-Farago,I/Zalakaros 2003/EXT 2004 (24)} {and now}
Na6 18. Be3 Nd4 {allows win back the pawn}) 14... O-O-O $146 (14... e5 15. Nf2
O-O-O 16. Be2 Ne6 17. Be3 Kb8 18. O-O Rc8 19. Rfd1 Ba4 20. Rd5 Bb3 21. Rd7 Rhd8
22. Rxd8 Rxd8 $44 {1/2-1/2 Simantsev,M-Parligras,M/Bucharest 2000/CBM 079 ext 
(53)}) 15. Nf4 Ba4 16. Be2 e5 17. Nh5 Ne6 18. Be3 Bb3 19. Kf2 Rhf8 (19... Bc4
$5) 20. Ng3 g6 21. Nf1 Nf4 $44 {1/2-1/2 Bauer,C-Schlosser,P/Port Barcares 2005/
CBM 107_01 (21)}) 8... O-O ({More promising for Black is the immediate} 8... b6
9. e4 ({dubious is} 9. dxc5 $6 bxc5 10. e4 Ba6 11. Qd2 Bxf1 12. Kxf1 Nb6 13.
Qxd8+ Kxd8 14. Ne2 N8d7 15. a4 Rb8 $15 {0-1 Shirov,A-Arnason,J/Reykjavik 1992/
CBM 028 (43)}) 9... Ba6 {after which White has played:} 10. Qd2 (10. c4 Ne7 11.
d5 exd5 12. exd5 O-O 13. Bb2 Nd7 14. O-O-O Nc8 15. Qc3 Qg5+ 16. Kb1 Nd6 $132 {
1/2-1/2 Miton,K-Sulskis,S/Koszalin 1998/CBM 065 ext (40)}) (10. Qc2 Bxf1 11.
Kxf1 Ne7 12. Be3 cxd4 13. cxd4 Nbc6 14. Ne2 Rc8 15. Qd3 $6 (15. Qa2 $142 O-O
16. Kf2) 15... O-O 16. Rc1 f5 $1 $36 {1/2-1/2 Touzane,O-Wells,P/Paris 1992/EXT
97 (46)}) 10... Bxf1 11. Kxf1 Ne7 12. Ne2 ({if} 12. dxc5 {then} Nd7 $5 13. cxb6
Qxb6 (13... axb6 14. Ne2 Qc7 15. g3 Ne5 16. Kg2 O-O $44 {0-1 Kirszenberg,
M-Templier,N/Paris 2004/CBM 101 ext (58)}) 14. Qd4 Nc5 15. Qb4 (15. Qxg7 $2 Rg8
16. Qd4 Qa6+ 17. c4 Nb3 $19) 15... Qa6+ 16. c4 Rc8 17. Ne2 {1-0 Volkov,S-Ionov,
S/St Petersburg 1998/CBM 067/] (67)} O-O 18. Be3 Qd6 {with comfortable
position for Black}) 12... Nbc6 13. Kf2 (13. dxc5 Qc7 $1 14. Qf4 e5 15. Qg4 O-O
16. Kf2 (16. Bh6 Ng6 17. Be3 Na5 18. cxb6 axb6 $44) 16... Na5 17. cxb6 Qxb6+ $1
(17... axb6 18. Rd1 Rad8 19. Rxd8 Rxd8 20. Bg5 $1 $132) 18. Be3 Qc6 $1 {
0-1 Shirov,A-Karpov,A/Biel 1992/CBM 031/ (39)with dangerous initiative for the
pawn}) 13... O-O 14. Rd1 {and now strong looks} Na5 $1 15. Qa2 Qd7 16. Be3 c4
$1 {0-1 Martinez Martin,D-Solozhenkin,E/Linares 1995/CBM 045 ext (26) planning
f7-f5.}) 9. e4 Ne7 10. Be3 ({White has also the following possibilities:} 10.
dxc5 Qa5 ({perhaps even better is} 10... Qc7 $5 11. Qd6 Qa5 12. Bd2 Nbc6) 11.
Bf4 (11. Qc4 Nd7 (11... e5 $1) 12. Be3 Nc6 13. Nh3 Qc7 14. Be2 Na5 15. Qb4 Nc6
16. Qb5 a6 17. Qa4 Na5 $11 {1/2-1/2 Dao Thien Hai-Wu Shaobin/Ho Chi Minh City
2003/CBM 097 ext (36)}) 11... Nbc6 12. Bd6 e5 13. Qd2 Rd8 14. Bc4 b6 15. Rd1
Ba6 $1 16. Bxa6 Qxa6 17. Qc1 bxc5 18. Ne2 (18. Bxc5 Rxd1+ 19. Qxd1 Qc4) 18...
Qa5 19. Bxe7 Nxe7 20. Kf2 c4 21. Rxd8+ Rxd8 22. Rd1 Qb6+ {1/2-1/2 Shirov,
A-Gavrikov,V/Biel 1991/CBM 025 (22)}) (10. Nh3 Nbc6 (10... cxd4 11. cxd4 b6 12.
Qe3 Ba6 13. Bxa6 Nxa6 14. Bb2 Rc8 15. O-O Qd7 $11 {1/2-1/2 Khenkin,I-Balashov,
Y/Cappelle la Grande 1992/EXT 97 (32)}) 11. Be3 (11. dxc5 Qa5 12. Rb1 {1/2-1/2
Sakaev,K-Lutz,C/Dortmund 1992/CBM 029 (56)} Rd8 13. Qc4 e5 $1 14. Ng5 Rf8 $132)
11... Qa5 $1 12. Kf2 Rd8 13. Be2 cxd4 14. cxd4 Nxd4 $1 15. Bxd4 Qa4 16. Qc4 (
16. Rhd1 Nc6) 16... Qxc4 17. Bxc4 Rxd4 18. Rhd1 Nc6 $15 {1/2-1/2 Shirov,
A-Budnikov,A/Moscow 1991/URS-ch (58)}) (10. a4 Qc7 ({interesting is} 10... Nbc6
11. Ba3 cxd4 12. cxd4 f5 $1 $146 {with counterchances}) 11. Ba3 cxd4 12. cxd4
Rd8 13. Rd1 b6 14. Qe3 Ba6 15. Bxa6 Nxa6 16. Ne2 Ng6 17. Rc1 Qd7 18. Qb3 Rab8
$11 {1/2-1/2 Yakovich,Y-Campos,J/Osuna 1991/EXT 97 (34)}) (10. f4 b6 11. Qe3
Qc7 12. Nf3 Bb7 (12... Ba6) 13. Rb1 Rc8 14. Bd3 Ba6 $5 15. Bxa6 Nxa6 16. O-O
cxd4 17. cxd4 Qc3 18. Qe2 Qc4 $11 19. Qe3 Qc3 20. Qe2 Qc4 21. Qe3 {1/2-1/2
Hillarp Persson,T-Timman,J/Malmo 2003/CBM 095 (21)}) 10... cxd4 ({More active
continuation is} 10... Qa5 $5 11. Qd2 (11. Kf2 Rd8 12. Be2 b6 {/\ Ba6}) 11...
Rd8 12. Bd3 Nbc6 13. Ne2 b6 14. Ra2 Ba6 15. Bxa6 Qxa6 16. O-O Rac8 {0-1 Juarez,
A-Kanefsck,G/Buenos Aires 1992/EXT 97 (41)}) 11. cxd4 b6 12. Qd2 {This new
move does not change the character of position.} (12. Qb3 Ba6 13. Bxa6 Nxa6 14.
Ne2 Qd7 15. O-O Rac8 16. Rfd1 {1/2-1/2 Belotti,B-Arlandi,E/Mantova 1996/EXT 98
(16)}) 12... Qd7 $5 {Intending to win a tempo by playing Ba6 only after
White´s Bd3.} 13. Bd3 ({In case of} 13. Rc1 {Black has another useful move} Rd8
{.}) 13... Ba6 14. Ne2 $5 (14. Bxa6 Nxa6 15. Ne2 Rac8 16. O-O Rfd8 $11) 14...
Bxd3 15. Qxd3 Nbc6 16. O-O Rac8 17. Qb5 {White is going to relocate his queen
on the kingside.} Rfd8 18. Rac1 Qb7 ({The ending after} 18... Na5 19. Qxd7 Rxd7
20. Rxc8+ Nxc8 21. Rc1 Nd6 22. Bf4 Ndc4 23. Bd2 f6 24. Bxa5 Nxa5 25. Rc8+ Kf7
26. Kf2 {looks favourable for White.}) 19. Rfd1 a6 20. Qg5 $5 Ng6 21. d5 ({
This advance is premature and allows to neutralize White´s passed pawn. It was
essential to play first} 21. h4 $1) 21... exd5 22. exd5 Nce5 23. Rxc8 Rxc8 24.
d6 f6 25. Qf5 Qd7 26. Ng3 Rc6 $1 27. f4 Qxf5 28. Nxf5 Nd7 29. Ne7+ {Otherwise
White has to reckon with Rc3.} Nxe7 30. dxe7 Re6 $1 31. Rxd7 ({Or} 31. Bxb6
Nxb6 32. Rd6 Rxe7 33. Rxb6 Re4) 31... Rxe3 32. Rd6 b5 33. Rxa6 Rxe7 34. Kf2 Rb7
1/2-1/2

[Event "EU-chT (Men) 15th"]
[Site "Gothenburg"]
[Date "2005.07.31"]
[Round "2.1"]
[White "Nyback, Tomi"]
[Black "Beliavsky, Alexander G"]
[Result "1/2-1/2"]
[WhiteElo "2571"]
[BlackElo "2599"]
[Annotator "Gavrikov,V"]
[PlyCount "55"]
[EventDate "2005.07.30"]
[EventType "team-swiss"]
[EventRounds "9"]
[EventCountry "SWE"]
[SourceTitle "CBM 109"]
[Source "ChessBase"]
[SourceDate "2005.11.14"]
[SourceVersion "1"]
[SourceVersionDate "2005.11.14"]
[SourceQuality "1"]
[WhiteTeam "Finland"]
[BlackTeam "Slovenia"]
[WhiteTeamCountry "FIN"]
[BlackTeamCountry "SLO"]

1. d4 Nf6 2. c4 e6 3. Nc3 Bb4 4. f3 d5 5. a3 Bxc3+ 6. bxc3 c5 7. cxd5 Nxd5 8.
dxc5 f5 ({Although} 8... Qa5 {allows Black easier to solve opening problems,
the text move is quite playable.}) 9. Nh3 ({This continuation is less popular
in tournament practice than the alternatives:} 9. c4 Qh4+ 10. g3 Qxc4 11. e4
Qc3+ 12. Bd2 Qe5 13. Bg2 fxe4 14. fxe4 Nc3 (14... Nc6 $143 15. Ne2 Nf6 16. Rc1
Nxe4 $140 $2 17. Bf4 Qf5 18. Nd4 Nxd4 19. Qxd4 Nf6 20. O-O $18) 15. Qc1 Nxe4
16. Bf4 Qd4 (16... Qf5 17. Ne2 $44) 17. Be3 Qd3 18. Ne2 {1/2-1/2 Moskalenko,
V-Karpman,V/Simferopol 1990/CBM 021 (34)} {and now deserves attention} e5 $5
$146 19. O-O Nd7 (19... Nc6 20. Ra2 Nf6 21. Qc3 Qxc3 22. Nxc3 $44 {/\ Rb2}) 20.
Ra2 Ndf6 21. Rd1 Qa6 22. Nc3 Nxc3 23. Qxc3 O-O 24. Qxe5 Bd7 {with
approximately equal chances}) (9. e4 fxe4 10. Qc2 e3 11. Bd3 Nd7 12. Ne2 Nxc5
13. O-O Bd7 (13... Nxd3 14. Qxd3 O-O 15. Bxe3 Nxe3 16. Qxe3 Qe7 17. Nd4 Bd7 $13
{1/2-1/2 Pogorelov,R-Levin,F/Lvov 1988/EXT 2000 (42)}) 14. Be4 (14. Bxh7 $2 Qh4
15. Bg6+ Kf8 16. h3 Bb5) 14... Rc8 15. Bxd5 exd5 16. Bxe3 O-O $11 {1-0
Moskalenko,V-Rogovski,V/Alushta 1999/EXT 2001 (48)}) (9. Qc2 O-O 10. e4 fxe4
11. fxe4 Nf4 (11... Qh4+ 12. g3 Qf6 13. Bg2 Qxc3+ 14. Qxc3 Nxc3 15. Bf4 Bd7 16.
Ne2 $5 (16. Rc1 Na4 17. Bd6 Rc8 18. e5 Bc6 19. Bxc6 Nxc6 20. Ne2 b6 21. cxb6
Nxb6 $132 {1-0 Malaniuk,V-King,D/Frunze 1987/TD (67)}) 16... Na4 17. Bd6 Rc8
18. e5 Bc6 19. Bh3 Bd7 $13 {1-0 Khenkin,I-Karpman,V/Minsk 1990/CBM 017 (26)})
12. Nf3 Nd7 13. Be3 Qc7 14. Bc4 Nxc5 15. O-O Bd7 16. e5 Ba4 $5 17. Qb1 h6 18.
Qb4 Rac8 $11 {/\ a5 0-1 Milov,V-Greenfeld,A/Israel 1992/TD (48)}) 9... O-O 10.
Nf4 ({Not dangerous for Black is} 10. c4 Qh4+ 11. Nf2 Qf6 $1 12. Bd2 (12. Bg5
Qxg5 13. cxd5 Qe3 (13... f4) 14. Qc1 Qxc1+ 15. Rxc1 exd5 $11 {1/2-1/2 Yakovich,
Y-Lugovoi,A/Krasnodar 2002/CBM 091 (25)}) 12... Nc3 $5 13. Qc1 Na4 14. Nd3 Nd7
15. Bg5 Qf7 16. Be3 (16. Qe3 e5 $1 17. c6 $6 (17. Nxe5 Nxe5 18. Qxe5 Be6 $44)
17... bxc6 18. Nxe5 Nxe5 19. Qxe5 Re8 20. Qa5 Nb6 21. e3 h6 (21... Nxc4 22.
Bxc4 Qxc4 23. Qb4 $10) 22. Bf4 Be6 23. Kf2 Bxc4 $36 {1-0 Beliavsky,A-Portisch,
L/Amsterdam 1990/CBM 020/(40)}) 16... Qe7 17. Bg5 Qe8 18. Be3 Qe7 19. Bg5 {
1/2-1/2 Bluvshtein,M-Lugovoi,A/Gausdal 2003/CBM 092 ext (19)}) 10... Na6 $5
$146 {An interesting innovation.} ({In the event of} 10... Nc6 11. Nxd5 exd5
12. Bf4 Be6 {1-0 Arencibia,W-Del Rio Angelis,S/Santa Clara 2000/CBM 078 (50)} {
White could claim a slight advantage by} 13. Bd6 Rf7 14. e3) 11. Nxd5 exd5 12.
Qd4 Qa5 ({Also possible was} 12... Nc7 $5 13. c4 $140 Ne6 14. Qxd5 Qf6 15. Rb1
f4 $1 {[%cal Gf6h4]} 16. g3 fxg3 17. hxg3 Qg6 18. Qe4 Qxg3+ 19. Kd1 Rd8+ 20.
Bd2 h6 21. Qe3 Qc7 22. Rg1 Kf7 {followed by Qxc5}) 13. Bf4 ({Black has
sufficient compensation for the pawn after} 13. Qxd5+ Kh8 14. Bd2 Rd8 15. Qc4
Nxc5 16. Qb4 Qc7) 13... Nxc5 14. Qb4 Qb6 15. e3 (15. Qxb6 axb6 16. e3 Be6 $132
{/\ Rfc8}) 15... Qc6 $5 {Planning b6 and Ba6.} 16. Bb5 Qb6 17. Be2 Qc6 $5 18.
O-O b6 19. Rfd1 Ba6 20. Bxa6 Nxa6 21. Qd6 ({To the same result leads} 21. Qd4
Rad8 22. Bg5 Rd7 23. c4 Nc7 $11) 21... Rac8 22. Qxd5+ ({Or} 22. Rxd5 Qxd6 23.
Bxd6 Rfd8 24. Rad1 Rxc3 25. Kf2 g6 $11) 22... Qxd5 23. Rxd5 Rxc3 24. Rd7 {
Forcing repetition of moves.} Rf7 25. Rd8+ Rf8 26. Rd7 Rf7 27. Rd8+ Rf8 28. Rd7
1/2-1/2